| 000 | 01767nam a22002177a 4500 | ||
|---|---|---|---|
| 003 | NALT | ||
| 005 | 20230210094606.0 | ||
| 008 | th o tha d | ||
| 040 | _aNALT | ||
| 086 | _aรภ 65 7.3 294.35 | ||
| 110 | 2 |
_aรัฐสภา. _bวุฒิสภา. _bคณะกรรมาธิการกิจการสตรี เยาวชน และผู้สูงอายุ _92187 |
|
| 245 | 1 | 0 |
_aเรื่องการบวชภิกษุณีในประเทศไทยโดยคณะอนุกรรมาธิการด้านสตรี / _cคณะกรรมาธิการกิจการสตรี เยาวชน และผู้สูงอายุ วุฒิสภา. |
| 260 |
_aกรุงเทพฯ : _bคณะกรรมาธิการกิจการสตรี เยาวชน และผู้สูงอายุ วุฒิสภา, _cม.ป.ป. |
||
| 300 |
_a68 หน้า ; _c21 ซม. |
||
| 505 | 0 | _aเหตุผลและความจำเป็นของการศึกษา – กำเนิดและวิธีการบวชภิกษุณี – การเผยแผ่พระพุทธศาสนาไปยังดินแดนอื่นและมายังประเทศไทย – ปัญหาและอุปสรรคเกี่ยวกับการบวชภิกษุณีในประเทศไทย – บทสรุปและข้อเสนอแนะ | |
| 650 | 4 |
_aชี _943096 _xการบวช |
|
| 650 | 4 |
_aภิกษุณี _931657 |
|
| 850 | _aNALT | ||
| 942 |
_cPAR _2local |
||
| 998 |
_bBENJALUCK SUTTHIWILAI _cDAO _j1020 _k นางจำเรียง ระวังสำโรง |
||
| 999 |
_c39126 _d39126 |
||